000
00231 a2200097 4500
001
13819
100
_a
Prew B S
245
_a
Basic Technical Note Book O.1
260
_a
London
_b
University of London Press
_c
090
_c
10798
_d
10798
942
_a
NUST-CAE
_c
M
_c
889
999
_c
248892
_d
248892